Logo CIB grande

MODELING PUBLIC POLICIES IN LATIN AMERICA AND THE CARIBBEAN (Registro nro. 229524)

Detalles MARC
000 -LEADER
campo de control de longitud fija 00739nam a2200277Ia 4500
005 - FECHA Y HORA DE LA ÚLTIMA TRANSACCIÓN
campo de control 20250425162442.0
008 - DATOS DE LONGITUD FIJA--INFORMACIÓN GENERAL
campo de control de longitud fija 250425s9999 xx 000 0 und d
020 ## - NÚMERO INTERNACIONAL ESTÁNDAR DEL LIBRO
Número Internacional Estándar del Libro 9789211217391
041 ## - CÓDIGO DE IDIOMA
Código de lengua del texto/banda sonora o título independiente eng
043 ## - CÓDIGO DE ÁREA GEOGRÁFICA
Código de área geográfica cl
082 ## - NÚMERO DE LA CLASIFICACIÓN DECIMAL DEWEY
Número de clasificación 361.61
010 ## - NÚMERO DE CONTROL DE LA BIBLIOTECA DEL CONGRESO
Número de control de LC 74947
110 ## - ENTRADA PRINCIPAL--NOMBRE DE ENTIDAD CORPORATIVA
Nombre de entidad corporativa o nombre de jurisdicción como elemento de entrada CEPAL
245 #0 - MENCIÓN DEL TÍTULO
Título MODELING PUBLIC POLICIES IN LATIN AMERICA AND THE CARIBBEAN
250 ## - MENCION DE EDICION
Mención de edición S.E.
260 ## - PUBLICACIÓN, DISTRIBUCIÓN, ETC.
Lugar de publicación, distribución, etc. Chile
Nombre del editor, distribuidor, etc. CEPAL
Fecha de publicación, distribución, etc. 2010
260 ## - PUBLICACIÓN, DISTRIBUCIÓN, ETC.
Lugar de publicación, distribución, etc. SANTIAGO DE CHILE
Nombre del editor, distribuidor, etc. UNITED NATIONS PUBLICATION
300 ## - DESCRIPCIÓN FÍSICA
Extensión 316
650 ## - PUNTO DE ACCESO ADICIONAL DE MATERIA--TÉRMINO DE MATERIA
Término de materia o nombre geográfico como elemento de entrada AMERICA LATINA-INTEGRACION ECONOMICA
650 ## - PUNTO DE ACCESO ADICIONAL DE MATERIA--TÉRMINO DE MATERIA
Término de materia o nombre geográfico como elemento de entrada COMERCIO LATINOAMERICANO
650 ## - PUNTO DE ACCESO ADICIONAL DE MATERIA--TÉRMINO DE MATERIA
Término de materia o nombre geográfico como elemento de entrada METODOS DE SIMULACION
650 ## - PUNTO DE ACCESO ADICIONAL DE MATERIA--TÉRMINO DE MATERIA
Término de materia o nombre geográfico como elemento de entrada MODELOS MATEMATICOS
650 ## - PUNTO DE ACCESO ADICIONAL DE MATERIA--TÉRMINO DE MATERIA
Término de materia o nombre geográfico como elemento de entrada POBREZA
650 ## - PUNTO DE ACCESO ADICIONAL DE MATERIA--TÉRMINO DE MATERIA
Término de materia o nombre geográfico como elemento de entrada POLITICA DE DESARROLLO
942 ## - ELEMENTOS DE ENTRADA SECUNDARIOS (KOHA)
Tipo de ítem Koha Libros
Existencias
Estatus retirado Estado de pérdida Estado de daño No para préstamo Biblioteca de origen Biblioteca actual Ubicación en estantería Fecha de adquisición Coste, precio normal de compra Total de préstamos Código de barras Copia número Nota pública
        ESCUELA DE NEGOCIOS ESCUELA DE NEGOCIOS   12/09/2010 10.00   D-P 10473 6 DONADO
        ESCUELA DE NEGOCIOS ESCUELA DE NEGOCIOS   21/06/2012 15.00   D-P 11130 7 DONADO
        ESCUELA DE NEGOCIOS ESCUELA DE NEGOCIOS   21/06/2012 15.00   D-P 11131 8 DONADO
        ESCUELA DE NEGOCIOS ESCUELA DE NEGOCIOS   21/06/2012 15.00   D-P 11132 9 DONADO
        ESCUELA DE NEGOCIOS ESCUELA DE NEGOCIOS   21/06/2012 15.00   D-P 11133 10 DONADO
        ESCUELA DE NEGOCIOS ESCUELA DE NEGOCIOS   25/06/2012 15.00   D-P 11134 11 DONADO

Copyright 2025 ESPOL. Todos los derechos reservados.